000 00326nam a22001097a 4500
082 _a729.4
_bMOD
245 _aModern home painting and decoration
_ban illustrated room by room guide for every handyman.
260 _aLondon.
_bOdhams Press.
300 _a191p.
526 _a0
_b0
_c0
_d729_400000000000000_MOD
942 _2ddc
_cBK
999 _c549744
_d549744